Dictionnaire des difficultes de la langue francaise. (رقم التسجيلة. 105120)

تفاصيل مارك
000 -LEADER
fixed length control field 00774cam a2200265 a 4500
003 - CONTROL NUMBER IDENTIFIER
control field EG-GiCUC
008 - FIXED-LENGTH DATA ELEMENTS--GENERAL INFORMATION
fixed length control field 771105s1956 fr bd 000 0 fre c
010 ## - LIBRARY OF CONGRESS CONTROL NUMBER
LC control number a 57001436
040 ## - CATALOGING SOURCE
Original cataloging agency Kentucky. Univ. Libr.
Transcribing agency GAuA
Modifying agency OCoLC
-- NBrockU
-- DLC
042 ## - AUTHENTICATION CODE
Authentication code premarc
050 00 - LIBRARY OF CONGRESS CALL NUMBER
Classification number PC2460
Item number .T46
092 04 - LOCALLY ASSIGNED DEWEY CALL NUMBER (OCLC)
Classification number 443.1
Item number T4542 1956
Edition number 21
099 ## - LOCAL FREE-TEXT CALL NUMBER (OCLC)
Classification number 04
-- 443.1 T4542 1956
100 1# - MAIN ENTRY--PERSONAL NAME
Personal name Thomas, Adolphe V.
245 10 - TITLE STATEMENT
Title Dictionnaire des difficultes de la langue francaise.
260 ## - PUBLICATION, DISTRIBUTION, ETC.
Place of publication, distribution, etc. Paris:
Name of publisher, distributor, etc. Larousse;
Date of publication, distribution, etc. [1956]
300 ## - PHYSICAL DESCRIPTION
Extent xi, [1], 435 p;
Dimensions 20 cm.
504 ## - BIBLIOGRAPHY, ETC. NOTE
Bibliography, etc. note Bibliography: p. [xii]
650 #0 - SUBJECT ADDED ENTRY--TOPICAL TERM
Topical term or geographic name entry element French language
Form subdivision Dictionaries.
650 #0 - SUBJECT ADDED ENTRY--TOPICAL TERM
Topical term or geographic name entry element French language
General subdivision Errors of usage.
902 ## - LOCAL DATA ELEMENT B, LDB (RLIN)
No. of Items 2
905 ## - LOCAL DATA ELEMENT E, LDE (RLIN)
Cataloger Ibrahim
Reviser Rev
905 ## - LOCAL DATA ELEMENT E, LDE (RLIN)
Cataloger Jamal
Reviser Cat.
942 ## - ADDED ENTRY ELEMENTS (KOHA)
Source of classification or shelving scheme Dewey Decimal Classification
Koha item type Reference
المقتنيات
Source of classification or shelving scheme Not for loan Home library Current library Date acquired Full call number Barcode Date last seen Copy number Koha item type
Dewey Decimal Classification   المكتبة المركزبة الجديدة - جامعة القاهرة قاعة المراجع - الدور الثاني 11.02.2024 443.1 T4542 1956 01000110142736000 23.09.2023 C.1 Reference
Dewey Decimal Classification   المكتبة المركزبة الجديدة - جامعة القاهرة قاعة المراجع - الدور الثاني 11.02.2024 443.1 T4542 1956 01000110158771000 23.09.2023 C.2 Reference
Cairo University Libraries Portal Implemented & Customized by: Eng. M. Mohamady Contacts: new-lib@cl.cu.edu.eg | cnul@cl.cu.edu.eg
CUCL logo CNUL logo
© All rights reserved — Cairo University Libraries
CUCL logo
Implemented & Customized by: Eng. M. Mohamady Contact: new-lib@cl.cu.edu.eg © All rights reserved — New Central Library
CNUL logo
Implemented & Customized by: Eng. M. Mohamady Contact: cnul@cl.cu.edu.eg © All rights reserved — Cairo National University Library